Catálogo público

Empacadora de hortalizas El Porvenir, S. A. de C. V. / (Record no. 172309)

MARC details
000 -CABECERA
campo de control de longitud fija 02313nam a2200457Ia 4500
001 - NÚMERO DE CONTROL
campo de control dia_1730
003 - IDENTIFICADOR DEL NÚMERO DE CONTROL
campo de control CHAP
005 - FECHA Y HORA DE LA ÚLTIMA TRANSACCIÓN
campo de control 20240502091742.0
007 - CAMPO FIJO DE DESCRIPCIÓN FÍSICA--INFORMACIÓN GENERAL
campo de control de longitud fija ta
008 - DATOS DE LONGITUD FIJA--INFORMACIÓN GENERAL
campo de control de longitud fija 220117s2016 mx bdeof 001 0 spa d
040 ## - FUENTE DE LA CATALOGACIÓN
Centro catalogador/agencia de origen mxchpua
Centro/agencia transcriptor CHAP
090 ## - LOCALMENTE ASIGNADO TIPO-LC NÚMERO DE CLASIFICACIÓN (OCLC); NÚMERO DE CLASIFICACIÓN LOCAL (RLIN)
Número de clasificación (OCLC) (R) ; Numero de clasificación, CALL (RLIN) (NR) T.C.690
Número cutter local (OCLC) ; Número de libro/Signatura topográfica íntegra, CALL (RLIN) L67 EIUPA
Año 2016
245 10 - MENCIÓN DE TÍTULO
Título Empacadora de hortalizas El Porvenir, S. A. de C. V. /
Mención de responsabilidad, etc. coordinador Vicente López Bautista ; colaboradores Adan Aguirre Maldonado...[y otros]
260 ## - PUBLICACIÓN, DISTRIBUCIÓN, ETC.
Lugar de publicación, distribución, etc. México :
Nombre del editor, distribuidor, etc. El autor,
Fecha de publicación, distribución, etc. 2016
300 ## - DESCRIPCIÓN FÍSICA
Extensión 100 hojas :
Otras características físicas ilustraciones, tablas, gráficas, mapas, planos, fotos
336 ## - TIPO DE CONTENIDO
Fuente rdacontent
Término de tipo de contenido texto
Código de tipo de contenido txt
337 ## - TIPO DE MEDIO
Fuente rdamedia
Nombre/término del tipo de medio no mediado
Código del tipo de medio n
338 ## - TIPO DE SOPORTE
Fuente rdacarrier
Nombre/término del tipo de soporte volumen
Código del tipo de soporte nc
500 ## - NOTA GENERAL
Nota general Grado 7° Grupo 2
502 ## - NOTA DE TESIS
Nota de tesis Viaje de estudio
Tipo de título (EIUPA) --
Nombre de la institución que otorga el título UACh. Departamento de Ingeniería Agroindustrial,
Año de obtención del título 2016
504 ## - NOTA DE BIBLIOGRAFÍA, ETC.
Nota de bibliografía, etc. Incluye bibliografía
505 00 - NOTA DE CONTENIDO CON FORMATO
Nota de contenido con formato contiene 5 planos : -- <br/>1.Descargar plano máquinas --<br/>2.Descargar plano DTI --<br/>3.Descargar plano distribución de áreas plata baja --<br/>4.Descargar plano distribución de áreas planta alta --<br/>5.Descargar plano de diagrama de flujo
650 13 - PUNTO DE ACCESO ADICIONAL DE MATERIA--TÉRMINO DE MATERIA
Término de materia o nombre geográfico como elemento de entrada Envasado de alimentos
9 (RLIN) 147758
650 13 - PUNTO DE ACCESO ADICIONAL DE MATERIA--TÉRMINO DE MATERIA
Término de materia o nombre geográfico como elemento de entrada Verduras
9 (RLIN) 150530
650 13 - PUNTO DE ACCESO ADICIONAL DE MATERIA--TÉRMINO DE MATERIA
Término de materia o nombre geográfico como elemento de entrada Food packaging
9 (RLIN) 147981
650 13 - PUNTO DE ACCESO ADICIONAL DE MATERIA--TÉRMINO DE MATERIA
Término de materia o nombre geográfico como elemento de entrada Vegetables
9 (RLIN) 151359
700 1# - PUNTO DE ACCESO ADICIONAL--NOMBRE DE PERSONA
Nombre de persona López Bautista, Vicente
9 (RLIN) 147030
Término indicativo de función/relación coordinador
700 1# - PUNTO DE ACCESO ADICIONAL--NOMBRE DE PERSONA
Nombre de persona Aguirre Maldonado, Adan
9 (RLIN) 135028
Término indicativo de función/relación colaborador
856 41 - LOCALIZACIÓN Y ACCESO ELECTRÓNICOS
Identificador Uniforme del Recurso <a href="http://10.13.5.2/ve/TC690EIUPA/TC690EIUPA2016-REPORTE.pdf">http://10.13.5.2/ve/TC690EIUPA/TC690EIUPA2016-REPORTE.pdf</a>
Texto de enlace DESCARGAR REPORTE
856 41 - LOCALIZACIÓN Y ACCESO ELECTRÓNICOS
Identificador Uniforme del Recurso <a href="http://10.13.5.2/ve/TC690EIUPA/TC690EIUPA2016-PLANO-MAQUINAS.pdf">http://10.13.5.2/ve/TC690EIUPA/TC690EIUPA2016-PLANO-MAQUINAS.pdf</a>
Texto de enlace DESCARGAR PLANO MÁQUINAS
856 41 - LOCALIZACIÓN Y ACCESO ELECTRÓNICOS
Identificador Uniforme del Recurso <a href="http://10.13.5.2/ve/TC690EIUPA/TC690EIUPA2016-PLANO-DTI.pdf">http://10.13.5.2/ve/TC690EIUPA/TC690EIUPA2016-PLANO-DTI.pdf</a>
Texto de enlace DESCARGAR PLANO DTI
856 41 - LOCALIZACIÓN Y ACCESO ELECTRÓNICOS
Identificador Uniforme del Recurso <a href="http://10.13.5.2/ve/TC690EIUPA/TC690EIUPA2016-PLANO-DISTRIBUCIONDEAREASPLANTABAJA.pdf">http://10.13.5.2/ve/TC690EIUPA/TC690EIUPA2016-PLANO-DISTRIBUCIONDEAREASPLANTABAJA.pdf</a>
Texto de enlace DESCARGAR PLANO DISTRIBUCIÓN DE ÁREAS PLATA BAJA
856 41 - LOCALIZACIÓN Y ACCESO ELECTRÓNICOS
Identificador Uniforme del Recurso <a href="http://10.13.5.2/ve/TC690EIUPA/TC690EIUPA2016-PLANO-DISTRIBUCIONDEAREASPLANTAALTA.pdf">http://10.13.5.2/ve/TC690EIUPA/TC690EIUPA2016-PLANO-DISTRIBUCIONDEAREASPLANTAALTA.pdf</a>
Texto de enlace DESCARGAR PLANO DISTRIBUCIÓN DE ÁREAS PLANTA ALTA
856 41 - LOCALIZACIÓN Y ACCESO ELECTRÓNICOS
Identificador Uniforme del Recurso <a href="http://10.13.5.2/ve/TC690EIUPA/TC690EIUPA2016-PLANO-DIAGRAMADEFLUJO.pdf">http://10.13.5.2/ve/TC690EIUPA/TC690EIUPA2016-PLANO-DIAGRAMADEFLUJO.pdf</a>
Texto de enlace DESCARGAR PLANO DE DIAGRAMA DE FLUJO
942 ## - ELEMENTOS DE PUNTO DE ACCESO ADICIONAL (KOHA)
Fuente del sistema de clasificación o colocación Clasificación Universidad Autónoma de Chapingo
901 ## - ELEMENTOS DE DATOS A LOCAL LDA (RLIN)
a T.C.690 L67 EIUPA 2016
902 ## - ELEMENTOS DE DATOS B LOCAL, LDB (RLIN)
a M
905 ## - ELEMENTOS DE DATOS E LOCAL, LDE (RLIN)
a 5232272016 mx embl8223123312spa16
942 ## - ELEMENTOS DE PUNTO DE ACCESO ADICIONAL (KOHA)
Tipo de ítem Koha Viaje de Estudios
Holdings
Estado de retiro Estado de pérdida Fuente del sistema de clasificación o colocación Estado dañado Restricciones de uso No para préstamo Código de colección Localización permanente Ubicación/localización actual Fecha de adquisición Fuente de adquisición Total de préstamos Signatura topográfica completa Código de barras Fecha visto por última vez Fecha del último préstamo Número de copia Precio válido a partir de Tipo de ítem Koha Ubicación en estantería
    Clasificación Universidad Autónoma de Chapingo   Préstamo 5 días   Viajes de Estudio Ingenieria Agroindustrial Ingenieria Agroindustrial 18/01/2022 El autor 1 T.C.690 L67 EIUPA 2016 1106010117 26/01/2026 20/05/2024 Ej.2 18/01/2022 Viaje de Estudios  
    Clasificación Universidad Autónoma de Chapingo   Préstamo interno   Viajes de Estudio Ingenieria Agroindustrial Ingenieria Agroindustrial 18/01/2022 El autor 1 T.C.690 L67 EIUPA 2016 1106010116 26/01/2026 02/09/2022 Ej.1 18/01/2022 Viaje de Estudios  
    Clasificación Universidad Autónoma de Chapingo   Préstamo interno   Viajes de Estudio Ingenieria Agroindustrial Ingenieria Agroindustrial 18/01/2022 El autor   T.C.690 L67 EIUPA 2016 1106010118 18/01/2022   Ej.3 18/01/2022 CD  
    Clasificación Universidad Autónoma de Chapingo       Viajes de estudio - En línea Ingenieria Agroindustrial Ingenieria Agroindustrial 18/01/2022 El autor   T.C.690 L67 EIUPA 2016 1206010116 02/05/2024     02/05/2024 Viajes de Estudio - En línea En línea